Tratado de patología médica. (Record no. 51923)

MARC details
000 -LEADER
campo de control de longitud fija 00691nam a2200205 i 4500
001 - NÚMERO DE CONTROL
campo de control 51923
003 - IDENTIFICADOR DE NÚMERO DE CONTROL
campo de control ES-MaACL
005 - FECHA Y HORA DE LA ÚLTIMA TRANSACCIÓN
campo de control 20230906162455.0
007 - CAMPO FIJO DE DESCRIPCIÓN FÍSICA--INFORMACIÓN GENERAL
campo de control de longitud fija t|
008 - DATOS DE LONGITUD FIJA--INFORMACIÓN GENERAL
campo de control de longitud fija 030821s1946 ag ||||1| spa d
100 1# - ENTRADA PRINCIPAL--NOMBRE DE PERSONA
Nombre de persona Dassen, Rodolfo.
9 (RLIN) 42783
245 10 - MENCIÓN DEL TÍTULO
Título Tratado de patología médica.
Número de parte o sección de la obra Tomo I /
Mención de responsabilidad, etc. por Rodolfo Dassen ; colaboradores, E. G. Fongi, O. Fustinoni, P.C. Rospide.
260 ## - PUBLICACIÓN, DISTRIBUCIÓN, ETC.
Lugar de publicación, distribución, etc. Buenos Aires :
Nombre del editor, distribuidor, etc. López Etchegoyen,
Fecha de publicación, distribución, etc. 1946 (
Fabricante La Prensa Médica Argentina)
300 ## - DESCRIPCIÓN FÍSICA
Extensión XV, 827 p. :
Otras características físicas il. ;
Dimensiones 27 cm.
650 04 - PUNTO DE ACCESO ADICIONAL DE MATERIA--TÉRMINO DE MATERIA
Término de materia o nombre geográfico como elemento de entrada Patología.
9 (RLIN) 15884
700 1# - ENTRADA AGREGADA--NOMBRE PERSONAL
Nombre de persona Fongi, E. G.
9 (RLIN) 51501
700 1# - ENTRADA AGREGADA--NOMBRE PERSONAL
Nombre de persona Fustinoni, Osvaldo.
9 (RLIN) 53097
700 1# - ENTRADA AGREGADA--NOMBRE PERSONAL
Nombre de persona Rospide, P. C.
9 (RLIN) 99802
852 ## - LOCALIZACIÓN
Ubicación ES-MaACL
Número de control de estantería B-13828
Holdings
Estatus retirado Estado de pérdida Estado de daño No para préstamo Biblioteca de origen Biblioteca actual Ubicación en estantería Fecha de adquisición Fuente de adquisición Total de préstamos Signatura topográfica completa Código de barras Visto por última vez Precio de reemplazo Tipo de ítem Koha
        Biblioteca del Ateneo de Madrid Biblioteca del Ateneo de Madrid Sala Pardo Bazán 17/01/2008     B-13828 1054593 23/02/2023 23/02/2023 Libro impreso